| 000 | 00518nam a2200205Ia 4500 | ||
|---|---|---|---|
| 005 | 20251122094826.0 | ||
| 008 | 230125s9999 xx 000 0 und d | ||
| 020 | _a81-7992-549-8 | ||
| 041 | _aeng | ||
| 082 |
_a158.1 _bSHE |
||
| 100 |
_aShelton K _9215433 |
||
| 245 | _aPersonal Excellence | ||
| 260 |
_c2012 _bJaico Publishing House _aMumbai |
||
| 300 | _a189p | ||
| 500 | _aPersonality Development | ||
| 650 |
_aPersonality Development _9213420 |
||
| 700 |
_aShelton K _9215433 |
||
| 906 | _b56 | ||
| 942 | _cBK | ||
| 999 |
_c93202 _d93202 |
||